000 00836nam a2200205 i 4500
001 17763
003 ES-MaACL
005 20250925063030.0
007 t|
008 010521s1904 sp ||||1| spa d
080 _a929 Concha Castañeda, Juan de la
100 1 _aSanz y Escartín, Eduardo,
_d1855-1939
_9103695
245 1 0 _aNecrología del Excmo. Sr. D. Juan de la Concha Castañeda ... individuo ... de la Real Academia de Ciencias Morales y Políticas /
_cleída .. por ... Eduardo Sanz y Escartín.
260 _aMadrid :
_b[s.n.],
_c1904 (
_fImp. del Asilo de Huérfanos del S. C. de Jesús)
300 _a23 p. ;
_c27 cm.
600 1 4 _aConcha Castañeda, Juan de la.
_940074
710 2 _aReal Academia de Ciencias Morales y Políticas (España)
_9222050
852 _aES-MaACL
_j2165-F-20
999 _c17763
_d17763